|
|
|
|
| LEADER |
00770nab a2200217 i 4500 |
| 001 |
acta12438 |
| 005 |
20220610132152.0 |
| 008 |
161015s1988 hu o 0|| eng d |
| 022 |
|
|
|a 0324-721X
|
| 040 |
|
|
|a SZTE Egyetemi Kiadványok Repozitórium
|b hun
|
| 041 |
|
|
|a eng
|
| 100 |
1 |
|
|a Dömösi Pál
|
| 245 |
1 |
3 |
|a On the hierarchy of vi-products of automata
|h [elektronikus dokumentum] /
|c Dömösi Pál
|
| 260 |
|
|
|c 1988
|
| 300 |
|
|
|a 253-257
|
| 490 |
0 |
|
|a Acta cybernetica
|v 8 No. 3
|
| 650 |
|
4 |
|a Természettudományok
|
| 650 |
|
4 |
|a Számítás- és információtudomány
|
| 695 |
|
|
|a Automaták elmélete, Számítástechnika, Kibernetika
|
| 700 |
0 |
1 |
|a Ésik Zoltán
|e aut
|
| 856 |
4 |
0 |
|u http://acta.bibl.u-szeged.hu/12438/1/cybernetica_008_fasc_003_253-257.pdf
|z Dokumentum-elérés
|